| 000 | 00497 a2200157 4500 | ||
|---|---|---|---|
| 005 | 20250509124132.0 | ||
| 020 | _a0-07-291830-6 | ||
| 082 | _a658. 401 THO | ||
| 100 | _aTHOMPSON, A. A. | ||
| 245 | _aStrategy: Core Concepts. Analytical Tools. Readings | ||
| 260 |
_aNew York, _bMcGraw-Hill, _c2004. |
||
| 300 |
_axxxii, 466p.; ill.; figure, picture, table. _bIndex. _c26cm. |
||
| 700 | _aGAMBLE, J. E. & STRICKLAND, A. J. | ||
| 856 |
_yAccess online book _fStrategy _dwww.mhhe.com |
||
| 942 |
_2ddc _cBKS |
||
| 999 |
_c2234 _d2234 |
||